[Event "Paris-ch op"]
[Site "Paris"]
[Date "1993.??.??"]
[Round "9"]
[White "Toulzac, Pierre Yves"]
[Black "Mothes, Herve Alexandre"]
[Result "1-0"]
[WhiteElo "2370"]
[BlackElo "2215"]
[PlyCount "93"]
[EventDate "1993.04.??"]
[EventType "swiss"]
[EventRounds "9"]
[EventCountry "FRA"]
[SourceTitle "EXT 1998"]
[Source "ChessBase"]
[SourceDate "1997.11.17"]
[SourceVersion "1"]
[SourceVersionDate "1997.11.17"]
[SourceQuality "1"]

1. d4 f5 2. Nc3 Nf6 3. e4 fxe4 4. Bg5 d5 5. Bxf6 exf6 6. Qh5+ g6 7. Qxd5 Qe7 8. Qxe4 Bf5 9. Qxe7+ Bxe7 10. 0-0-0 Nc6 11. Nd5 0-0-0 12. Nxe7+ Nxe7 13. c3 Nd5 14. g3 Rhe8 15. Bh3 Bxh3 16. Nxh3 Re2 17. Rd2 Rde8 18. Kd1 R2e7 19. Rf1 g5 20. Ng1 Kd7 21. Re2 Rxe2 22. Nxe2 Re6 23. h4 h6 24. Rh1 Ke8 25. Nc1 Kf7 26. Nd3 Kg6 27. Kd2 b6 28. c4 Ne7 29. h5+ Kf7 30. Re1 Rd6 31. Kc3 Nf5 32. Re4 c6 33. g4 Ng7 34. f4 f5 35. Ne5+ Kg8 36. gxf5 Nxh5 37. fxg5 hxg5 38. Rg4 Nf4 39. Rxg5+ Kh7 40. Rg4 Ne2+ 41. Kd3 Nc1+ 42. Ke4 Nxa2 43. Nd3 b5 44. c5 Rd8 45. f6 Rg8 46. Rxg8 Kxg8 47. d5 1-0

[Event "Paris-ch op"]
[Site "Paris"]
[Date "1992.??.??"]
[Round "6"]
[White "Harlin, Henri"]
[Black "Mothes, Herve Alexandre"]
[Result "1/2-1/2"]
[WhiteElo "2290"]
[BlackElo "2215"]
[PlyCount "83"]
[EventDate "1992.04.??"]
[EventType "swiss"]
[EventRounds "9"]
[EventCountry "FRA"]
[SourceTitle "EXT 1997"]
[Source "ChessBase"]
[SourceDate "1996.11.15"]
[SourceVersion "1"]
[SourceVersionDate "1996.11.15"]
[SourceQuality "1"]

1. e4 c6 2. d4 d5 3. exd5 cxd5 4. c4 Nf6 5. Nc3 e6 6. Nf3 Be7 7. Bd3 0-0 8. 0-0 Nc6 9. Bg5 Nb4 10. cxd5 Nxd3 11. Qxd3 exd5 12. Qb5 a6 13. Qb3 Be6 14. Qxb7 Qd6 15. Bf4 Qxf4 16. Qxe7 Rfe8 17. Qb7 Reb8 18. Qc6 Rc8 19. Qa4 Rc4 20. Qa5 h5 21. b3 Rcc8 22. Ne2 Qh6 23. Qd2 Qxd2 24. Nxd2 Rc2 25. Rfd1 Rac8 26. Nf4 Bf5 27. Nf1 Rb2 28. Ne3 Bg6 29. Rdc1 Rxc1+ 30. Rxc1 Rxa2 31. Nexd5 Nxd5 32. Nxd5 Kh7 33. Rd1 a5 34. Nb6 Bc2 35. Rc1 Bxb3 36. f3 Rd2 37. d5 Bxd5 38. Rc5 Be6 39. Rxa5 Rb2 40. Nd5 Rb1+ 41. Kf2 Rb2+ 42. Kg1 1/2-1/2

[Event "Paris-ch op"]
[Site "Paris"]
[Date "1992.??.??"]
[Round "7"]
[White "Mothes, Herve Alexandre"]
[Black "Seknadje Askenazi, Jose"]
[Result "0-1"]
[WhiteElo "2215"]
[BlackElo "2315"]
[PlyCount "126"]
[EventDate "1992.04.??"]
[EventType "swiss"]
[EventRounds "9"]
[EventCountry "FRA"]
[SourceTitle "EXT 1997"]
[Source "ChessBase"]
[SourceDate "1996.11.15"]
[SourceVersion "1"]
[SourceVersionDate "1996.11.15"]
[SourceQuality "1"]

1. c4 e5 2. Nc3 Nf6 3. g3 c6 4. Bg2 d5 5. cxd5 cxd5 6. d3 Nc6 7. Bg5 d4 8. Nd5 Be6 9. Nxf6+ gxf6 10. Bd2 Qd7 11. Nf3 Bd6 12. 0-0 h5 13. Nh4 Ne7 14. e4 Bg4 15. f3 Be6 16. f4 Bg4 17. Qe1 exf4 18. Bxf4 0-0-0 19. Qd2 Be5 20. Bxe5 fxe5 21. Rxf7 Be6 22. Rf2 Kb8 23. b3 Rhg8 24. Rf6 Rg5 25. Raf1 Rc8 26. Rf8 Rg8 27. Qh6 Bg4 28. Rxg8 Nxg8 29. Qd2 Qc6 30. Nf5 Qc2 31. Rf2 Qc1+ 32. Bf1 Bh3 33. Nh4 Nh6 34. Qxc1 Rxc1 35. Ng2 Ng4 36. Rf8+ Kc7 37. Rh8 Bxg2 38. Kxg2 Ne3+ 39. Kh3 Nxf1 40. Rxh5 Rc2 41. Rxe5 Rxh2+ 42. Kg4 Rxa2 43. Re7+ Kc6 44. Kf4 Ra3 45. e5 Rxb3 46. Re6+ Kc5 47. Re7 a5 48. Rc7+ Kb6 49. Rc1 Nd2 50. e6 Rxd3 51. Re1 Rf3+ 52. Kg4 Re3 53. Rd1 Nb3 54. Kf5 Kc6 55. g4 d3 56. g5 Kd6 57. Rb1 a4 58. g6 Re5+ 59. Kf6 Rxe6+ 60. Kf7 d2 61. g7 Re7+ 62. Kf8 Rxg7 63. Kxg7 a3 0-1

[Event "FRA-ch Accession"]
[Site "Montpellier"]
[Date "1991.??.??"]
[Round "6"]
[White "Mothes, Herve Alexandre"]
[Black "Eliet, Nicolas"]
[Result "0-1"]
[WhiteElo "2235"]
[BlackElo "2320"]
[PlyCount "146"]
[EventDate "1991.??.??"]
[EventType "swiss"]
[EventRounds "11"]
[EventCountry "FRA"]
[SourceTitle "EXT 1999"]
[Source "ChessBase"]
[SourceDate "1998.11.16"]
[SourceVersion "1"]
[SourceVersionDate "1998.11.16"]
[SourceQuality "1"]

1. c4 Nf6 2. Nc3 c5 3. g3 d5 4. cxd5 Nxd5 5. Bg2 Nc7 6. Nf3 Nc6 7. 0-0 e5 8. d3 Be7 9. b3 Bd7 10. Bb2 0-0 11. Rc1 f6 12. Nd2 Rc8 13. Nc4 b6 14. Ne3 Re8 15. h3 Bf8 16. Kh2 Nd4 17. Nc2 Bf5 18. e4 Be6 19. f4 exf4 20. gxf4 Nxc2 21. Rxc2 Qd7 22. Rf3 Rcd8 23. Qg1 Na6 24. Bf1 Kh8 25. Rg2 Nb4 26. Rfg3 Qd4 27. Qh1 Qd7 28. Qg1 Qd4 29. Rf2 Qd7 30. Nd1 Bd6 31. e5 fxe5 32. Bxe5 Bxe5 33. fxe5 Rg8 34. Ne3 Qd4 35. Nc4 Bxc4 36. dxc4 Qxe5 37. a3 Nc6 38. Bd3 Rdf8 39. Re2 Qf4 40. Qb1 Nd4 41. Reg2 g6 42. Kh1 Re8 43. Qg1 Qe5 44. b4 Re6 45. Qf2 Kg7 46. Rg1 Qd6 47. bxc5 bxc5 48. Qg2 Qc6 49. Rb1 Qxg2+ 50. Kxg2 Rb6 51. Rxb6 axb6 52. Be4 Re8 53. Bd5 Re2+ 54. Kf1 Ra2 55. Re3 Kf6 56. Kg1 Re2 57. Rxe2 Nxe2+ 58. Kh2 Ke5 59. h4 Nc3 60. Bg8 h6 61. Kg3 Nb1 62. a4 Nc3 63. Bf7 g5 64. hxg5 hxg5 65. Kg4 Nxa4 66. Be8 Nb2 67. Kxg5 Nxc4 68. Kg4 Nd6 69. Bc6 Kd4 70. Kf3 Kd3 71. Kf2 Kd2 72. Kf3 c4 73. Kf4 c3 0-1

[Event "Cannes op"]
[Site "Cannes"]
[Date "1990.??.??"]
[Round "5"]
[White "Goldgewicht, Lionel"]
[Black "Mothes, Herve Alexandre"]
[Result "1/2-1/2"]
[WhiteElo "1930"]
[BlackElo "2120"]
[PlyCount "160"]
[EventDate "1990.02.??"]
[EventType "swiss"]
[EventRounds "9"]
[EventCountry "FRA"]
[SourceTitle "EXT 1997"]
[Source "ChessBase"]
[SourceDate "1996.11.15"]
[SourceVersion "1"]
[SourceVersionDate "1996.11.15"]
[SourceQuality "1"]

1. e4 b6 2. d4 Bb7 3. Nc3 g6 4. Bd3 Bg7 5. Nge2 Nc6 6. Be3 e5 7. d5 Nce7 8. Bc4 Nc8 9. g4 Nd6 10. Bb3 h5 11. g5 h4 12. Qd2 Qe7 13. 0-0-0 0-0-0 14. Rhg1 Ba6 15. f3 Rf8 16. Rg4 Kb7 17. Kb1 f5 18. gxf6 Qxf6 19. Ng1 Bh6 20. Bg5 Bxg5 21. Qxg5 Ne7 22. Qxf6 Rxf6 23. Rd2 Nf7 24. Rf2 g5 25. Nh3 Rg8 26. Kc1 b5 27. d6 cxd6 28. Nd5 Nxd5 29. Bxd5+ Kc7 30. Bxf7 Rxf7 31. Rxg5 Rgf8 32. Ng1 Bb7 33. Rfg2 Rf4 34. R2g4 b4 35. Rxf4 Rxf4 36. Kd2 Ba6 37. b3 Bf1 38. Ke3 h3 39. Kf2 Bg2 40. Rg3 Kb6 41. Nxh3 Bxh3 42. Rxh3 Rf7 43. Rh6 Kc5 44. Rh8 d5 45. exd5 Kxd5 46. Rh4 a5 47. Rc4 d6 48. h4 Rh7 49. Kg3 Rg7+ 50. Kf2 Rf7 51. Kg3 Rg7+ 52. Kf2 Rh7 53. Ke3 Rh8 54. Rg4 Rc8 55. Kd2 Rf8 56. Rg3 Rh8 57. Rh3 Rh5 58. Kd3 Kc5 59. c4 bxc3 60. Kxc3 d5 61. a3 Kb5 62. Kd3 Kc5 63. Ke3 Kd6 64. f4 e4 65. Kd4 Kc6 66. Rh2 Kd6 67. Rh1 Kc6 68. f5 Rxf5 69. h5 Rf3 70. Rc1+ Kd6 71. Rc3 Rf1 72. Rh3 Rd1+ 73. Kc3 Rc1+ 74. Kd4 Rd1+ 75. Kc3 Ke5 76. h6 Rc1+ 77. Kd2 Rc8 78. h7 Rh8 79. Rh4 Kd4 80. Rh5 e3+ 1/2-1/2

[Event "Cannes op"]
[Site "Cannes"]
[Date "1990.??.??"]
[Round "7"]
[White "Moracchini, Fabrice"]
[Black "Mothes, Herve Alexandre"]
[Result "0-1"]
[WhiteElo "2265"]
[BlackElo "2120"]
[PlyCount "65"]
[EventDate "1990.02.??"]
[EventType "swiss"]
[EventRounds "9"]
[EventCountry "FRA"]
[SourceTitle "EXT 1997"]
[Source "ChessBase"]
[SourceDate "1996.11.15"]
[SourceVersion "1"]
[SourceVersionDate "1996.11.15"]
[SourceQuality "1"]

1. c4 e5 2. Nc3 d6 3. Nf3 Nc6 4. g3 g6 5. Bg2 Bg7 6. 0-0 f5 7. d3 Nf6 8. e3 0-0 9. d4 e4 10. Ne1 Qe7 11. f3 Nd8 12. Nd5 Nxd5 13. cxd5 exf3 14. Bxf3 Nf7 15. Nd3 Ng5 16. Bg2 Bh6 17. Qc2 Ne4 18. Nf4 Re8 19. b3 b6 20. Re1 g5 21. Ne2 Ba6 22. Nc3 Nxc3 23. Qxc3 Qf7 24. Bd2 Re7 25. a4 Rae8 26. a5 Bc8 27. Rf1 g4 28. e4 Bxd2 29. Qxd2 Qg6 30. e5 dxe5 31. dxe5 Rxe5 32. axb6 Qxb6+ 33. Kh1 0-1

[Event "Cannes op"]
[Site "Cannes"]
[Date "1990.??.??"]
[Round "6"]
[White "Mothes, Herve Alexandre"]
[Black "Etchegaray, Patrice"]
[Result "1-0"]
[WhiteElo "2120"]
[BlackElo "2280"]
[PlyCount "57"]
[EventDate "1990.02.??"]
[EventType "swiss"]
[EventRounds "9"]
[EventCountry "FRA"]
[SourceTitle "EXT 1997"]
[Source "ChessBase"]
[SourceDate "1996.11.15"]
[SourceVersion "1"]
[SourceVersionDate "1996.11.15"]
[SourceQuality "1"]

1. c4 g6 2. g3 Bg7 3. Bg2 Nf6 4. Nc3 0-0 5. d3 c6 6. e4 e5 7. Bg5 h6 8. Be3 d6 9. h3 Be6 10. Qd2 Kh7 11. f4 a6 12. Nge2 b5 13. Rd1 Nbd7 14. 0-0 bxc4 15. dxc4 exf4 16. gxf4 Ne8 17. b3 Nb6 18. c5 Nc8 19. cxd6 Qxd6 20. Qxd6 Nexd6 21. Bc5 Nb5 22. Bxf8 Bxf8 23. f5 gxf5 24. exf5 Bd5 25. Nxd5 cxd5 26. Rxd5 Ra7 27. f6 Bd6 28. Be4+ Kg8 29. Rfd1 1-0

[Event "Cannes op"]
[Site "Cannes"]
[Date "1990.??.??"]
[Round "3"]
[White "Ruiz, Richard"]
[Black "Mothes, Herve Alexandre"]
[Result "1/2-1/2"]
[WhiteElo "2220"]
[BlackElo "2120"]
[PlyCount "44"]
[EventDate "1990.02.??"]
[EventType "swiss"]
[EventRounds "9"]
[EventCountry "FRA"]
[SourceTitle "EXT 1997"]
[Source "ChessBase"]
[SourceDate "1996.11.15"]
[SourceVersion "1"]
[SourceVersionDate "1996.11.15"]
[SourceQuality "1"]

1. d4 Nf6 2. Nc3 d5 3. Bg5 e6 4. Nf3 Nbd7 5. e3 c6 6. Bd3 Qc7 7. 0-0 Bd6 8. Bh4 b6 9. a4 0-0 10. Qe2 e5 11. dxe5 Nxe5 12. Nxe5 Bxe5 13. f4 Bxc3 14. bxc3 Bg4 15. Qe1 Ne4 16. Bxe4 dxe4 17. f5 f6 18. Rf4 Bh5 19. Rxe4 Rfe8 20. Rf4 Qxf4 21. exf4 Rxe1+ 22. Rxe1 Bg4 1/2-1/2